Statistics for Türkiye'ye en yakın ülkeler

Click here to take the quiz!

General Stats

  • This quiz has been taken 5 993 times
    (5 932 since last reset)
  • The average score is 15 of 20

Answer Stats

kmülke% Correct
0Yunanistan
98%
0Irak
97%
0Suriye
97%
0Bulgaristan
96%
0Iran
96%
0Azerbaycan
94%
0Ermenistan
93%
0Gürcistan
92%
136Rusya
89%
69Kıbrıs
75%
409Ukrayna
75%
198Romanya
72%
285İsrail
68%
420Arnavutluk
62%
274Makedonya
59%
125Lübnan
57%
322Sırbistan
54%
388Kosova
49%
387Moldova
48%
342Ürdün
42%

Score Distribution

Percentile by Number Answered

Percent of People with Each Score

Your Score History

You have not taken this quiz since the last reset